000 00425nam a22001577a 4500
999 _c8006
_d8006
003 OSt
005 20220829085222.0
008 220829b ||||| |||| 00| 0 eng d
040 _cDNML
082 _aWF553A71a 1997
245 _aAsthma: Ask the experts.
_cNational Asthma Training Centre.
260 _aLondon;
_bClass Publishing.
_c1997
300 _axii,244p;
_bill;
_c23cm
650 _aMedicine.
_9324
942 _2ddc
_cO_SHELF